| 000 | 01168nam a22002537a 4500 | ||
|---|---|---|---|
| 005 | 20110608103154.0 | ||
| 010 | _aENG-102719 B-454694 | ||
| 020 |
_a9780198070023 _c750.00 |
||
| 020 |
_a0198070020 _c750.00 |
||
| 035 | _aEN-86252 B-454694 | ||
| 037 | _bDBAD / PUB | ||
| 037 | _bBlue Berry/Ven | ||
| 082 | _a954.02 | ||
| 245 |
_aRethinking early medieval India / _cedited by Upinder Singh |
||
| 260 |
_aNew Delhi _bOxford University Press _c2011 |
||
| 270 |
_aYMCA Library Building, Jai Singh Road _bNew Delhi _e110001 |
||
| 300 |
_axiv,354 p. : _c22cm (Hb) _bill |
||
| 500 | _aIncludes bibliographical references. | ||
| 700 |
_928520 _aUpinder Singh |
||
| 942 |
_2ddc _cEN _mRET _h954.02 |
||
| 999 |
_c53317 _d53317 |
||